Un viaje espacial

I tiakina i:
Ngā taipitopito rārangi puna kōrero
Hōputu: Pukapuka
Reo:Pāniora
I whakaputaina: Barcelona Ramón Sopena 1984
Rangatū:Sueños Infantiles Sopena
Ngā marau:
Ngā Tūtohu: Tāpirihia he Tūtohu
Kāore He Tūtohu, Me noho koe te mea tuatahi ki te tūtohu i tēnei pūkete!

MARC

LEADER 00000nam a2200000 a 4500
001 UCL3589
003 CL-VaPUC
008 031128e19840000SP |||||||||||||||||spa|d
020 |a 843031007X 
082 0 4 |a 808.068  |b VIA  |2 21 
245 1 3 |a Un viaje espacial 
246 1 3 |a La tortuga y el mar 
246 1 0 |a Sarita y sus ovejitas 
246 1 4 |a Las tonterías de pepo 
246 1 0 |a Laila y Aixa 
300 |a 31 p 
942 |c BK 
945 |d 20031128 00:00:00  |a cmena 
260 |a Barcelona  |b Ramón Sopena  |c 1984 
650 0 |a Cuentos infantiles  |9 308044 
650 0 |a Literatura infantil   |9 307465 
583 |a last modification  |c 20031128 00:00:00  |k Rodrigo Vera 
490 0 |a Sueños Infantiles Sopena 
999 |c 306609  |d 306607 
952 |0 0  |1 0  |4 0  |6 808_068000000000000_VIA_1984  |7 0  |8 A  |9 371754  |a BIBEDU  |b BIBEDU  |d 2019-11-21  |i 3936996  |o 808.068 VIA 1984  |p 3936996  |r 2019-11-21  |w 2019-11-21  |y BK  |k EPE